书目信息 |
| 题名: |
资源环境信息学
|
|
| 作者: | 申广荣 主编 | |
| 分册: | ||
| 出版信息: | 上海 上海交通大学出版社 2008.01 |
|
| 页数: | 208页 | |
| 开本: | 26cm | |
| 丛书名: | ||
| 单 册: | ||
| 中图分类: | X32 | |
| 科图分类: | ||
| 主题词: | 环境管理--huan jing guan li--信息学--研究 | |
| 电子资源: | ||
| ISBN: | 978-7-313-05040-3 | |
| 000 | 00875nam0 2200241 450 | |
| 001 | 012008263754 | |
| 005 | 20080421134752.37 | |
| 010 | @a978-7-313-05040-3@dCNY29.00 | |
| 100 | @a20080419d2008 em y0chiy0120 ea | |
| 101 | 0 | @achi |
| 102 | @aCN@b310000 | |
| 105 | @aa a 000yy | |
| 106 | @ar | |
| 200 | 1 | @a资源环境信息学@Azi yuan huan jing xin xi xue@f申广荣主编@Fshen guang rong zhu bian |
| 210 | @a上海@c上海交通大学出版社@d2008.01 | |
| 215 | @a208页@d26cm | |
| 320 | @a有书目 (第207-208页) | |
| 330 | @a本书主要内容包括:资源环境信息学的认识,信息论理论基础,遥感技术,GIS技术,资源环境综合信息基础数据库建设以及资源环境信息技术在水资源管理和土壤养分管理中的应用开发实例。 | |
| 606 | 0 | @a环境管理@Ahuan jing guan li@x信息学@x研究 |
| 690 | @aX32@v4 | |
| 701 | 0 | @a申广荣@Ashen guang rong@4主编 |
| 801 | 0 | @aCN@bQSSK@c20080421 |
| 905 | @b295000-01@dX32@eS367@f2 | |
| 资源环境信息学/申广荣主编.-上海:上海交通大学出版社,2008.01 |
| 208页;26cm |
| ISBN 978-7-313-05040-3:CNY29.00 |
| 本书主要内容包括:资源环境信息学的认识,信息论理论基础,遥感技术,GIS技术,资源环境综合信息基础数据库建设以及资源环境信息技术在水资源管理和土壤养分管理中的应用开发实例。 |
| ● |
| 相关链接 |
|
|
|
正题名:资源环境信息学
索取号:X32/S367
 
预约/预借
| 序号 | 登录号 | 条形码 | 馆藏地/架位号 | 状态 | 备注 |
| 1 | 295000 | 202950002 | 自科库501/501自科库 65排6列3层/ [索取号:X32/S367] | 在馆 | |
| 2 | 295001 | 202950011 | 自科库501/501自科库 65排6列3层/ [索取号:X32/S367] | 在馆 |